• 首页
  • 本馆介绍
  • 公告通知
  • 最新文献
  • 馆藏检索
  • 电子资源
  • 读者导购
  • 参考咨询
  • 我的图书馆
  • 登录
  • 详细信息显示
  • 放入我的书架
  • 预约/预借图书
  • 作者相关作品
  • 分类相关作品
  • 丛书相关作品
  • 出版社相关作品

书目信息

  • 表格格式
  • 工作单格式
  • 卡片格式
题名:
鲁迅论教育
    
 
作者: ;中央教育科学研究所 编
分册:  
出版信息: 北京   教育科学出版社  1986
页数: 304页
开本: 20cm
丛书名:
单 册:
中图分类: I210.3
科图分类:
主题词: 鲁迅著作--理论著作
电子资源:
ISBN:
000 00686nam0 2200241 45
001 0186019213
005 20050404092630.8
010    @dCNY2.00
091    @a7232.266
100    @a19900813d1986 kemy0chiy0121 ea
101 0  @achi
102    @aCN@b110000
105    @ay z 000yy
200 10 @a鲁迅论教育@Alu xun lun jiao yu@f中央教育科学研究所编@FZhong Yang Jiao Yu Ke Xue Yan Jiu Suo Bian
210    @a北京@c教育科学出版社@d1986
215    @a304页@d20cm
600  0 @a鲁迅@x教育思想
606 0  @a鲁迅著作@x理论著作
690    @aI210.3@v3
711 02 @a中央教育科学研究所@4编
801  0 @aCN@b深圳图书馆@c20040414
801  2 @aCN@bNLC@c20040414
905    @dI210.3@e147@b207433@f1
    
    鲁迅论教育/中央教育科学研究所编.-北京:教育科学出版社,1986
    304页;20cm
    
    
    ISBN :CNY2.00
    
●
相关链接 在E读中查询图书 在五车中查询图书 在当当中查询图书 在豆瓣中查询图书


正题名:鲁迅论教育     索取号:I210.3/147         预约/预借

序号 登录号 条形码 馆藏地/架位号 状态 备注
1 0207433   002008758   第二借阅区/ [索取号:I210.3/147] 在馆    
唐山师范学院图书馆 欢迎您!
大连网信软件有限公司© 版权所有